[Event "SVK-chT 1718"]
[Site "Slovakia"]
[Date "2017.12.10"]
[Round "6.1"]
[White "Salai, Ladislav"]
[Black "Palecek, Peter"]
[Result "1/2-1/2"]
[WhiteElo "2339"]
[BlackElo "2242"]
[PlyCount "35"]
[EventDate "2017.09.30"]
[EventType "team-tourn"]
[EventRounds "11"]
[EventCountry "SVK"]
[SourceTitle "EXT 2019"]
[Source "ChessBase"]
[SourceDate "2018.10.10"]
[SourceVersion "1"]
[SourceVersionDate "2018.10.10"]
[SourceQuality "1"]
[WhiteTeam "Snina Reinter"]
[BlackTeam "Liptov Chess School"]
[WhiteTeamCountry "SVK"]
[BlackTeamCountry "SVK"]

1. d4 d5 2. c4 c6 3. cxd5 cxd5 4. Nf3 Nf6 5. Nc3 Nc6 6. Bf4 a6 7. e3 e6 8. Be2 Bd6 9. Bxd6 Qxd6 10. 0-0 0-0 11. Rc1 b5 12. Nb1 Bd7 13. Nbd2 Rfc8 14. Nb3 Be8 15. Bd3 Nd7 16. Qe2 Ne7 17. Qd2 f6 18. Rxc8 1/2-1/2

[Event "SVK-chT 1617"]
[Site "Slovakia"]
[Date "2016.12.18"]
[Round "4.1"]
[White "Demeter, Peter"]
[Black "Salai, Ladislav"]
[Result "1-0"]
[WhiteElo "2179"]
[BlackElo "2347"]
[PlyCount "121"]
[EventDate "2016.10.22"]
[EventType "team-tourn"]
[EventRounds "11"]
[EventCountry "SVK"]
[SourceTitle "CBM 177 Extra"]
[Source "ChessBase"]
[SourceDate "2017.04.27"]
[SourceVersion "1"]
[SourceVersionDate "2017.04.27"]
[SourceQuality "1"]
[WhiteTeam "Sabinov"]
[BlackTeam "Kosice Slavia UPJS"]
[WhiteTeamCountry "SVK"]
[BlackTeamCountry "SVK"]

1. c4 f5 2. Nc3 Nf6 3. Nf3 e6 4. g3 Be7 5. Bg2 0-0 6. 0-0 d6 7. d3 Qe8 8. e4 fxe4 9. dxe4 e5 10. c5 Na6 11. cxd6 Bxd6 12. Nh4 Be6 13. Nf5 Bc5 14. Qe2 Rd8 15. Be3 Bd4 16. Bg5 Bxf5 17. exf5 c6 18. Ne4 Nxe4 19. Bxd8 Nxf2 20. Rxf2 Qxd8 21. Kh1 Bxf2 22. Qxf2 Qd4 23. Qc2 Qd7 24. g4 Rd8 25. Qc4+ Qf7 26. Qe4 Qe7 27. Qc4+ Qf7 28. Qe4 Qf6 29. Qc4+ Kh8 30. Re1 h6 31. h3 Nc7 32. Qc3 Re8 33. Qc5 Nb5 34. a4 Qd6 35. Qc4 Qd2 36. Rf1 Nd6 37. Qb3 Qg5 38. Rd1 Qf6 39. Qb4 Rd8 40. Bf3 Kh7 41. Bg2 c5 42. Qa5 b6 43. Qa6 e4 44. b3 e3 45. Qe2 Re8 46. Bf3 Ne4 47. Bxe4 Rxe4 48. Rd3 Qe7 49. Kg2 h5 50. Kf1 Qe5 51. Ke1 Qg3+ 52. Kd1 h4 53. Kc2 c4 54. bxc4 Rxc4+ 55. Kb3 Re4 56. Rd7 Kh6 57. Kc3 Qe5+ 58. Kb3 Qf4 59. Kc3 Rxa4 60. Qb5 e2 61. Qc6+ 1-0

[Event "SVK-chT 1415"]
[Site "Slovakia"]
[Date "2015.02.21"]
[Round "7.3"]
[White "Salai, Ladislav"]
[Black "Kantorik, Marian"]
[Result "1/2-1/2"]
[WhiteElo "2356"]
[BlackElo "2251"]
[PlyCount "20"]
[EventDate "2014.10.25"]
[EventType "team-tourn"]
[EventRounds "11"]
[EventCountry "SVK"]
[SourceTitle "EXT 2016"]
[Source "ChessBase"]
[SourceDate "2015.10.08"]
[SourceVersion "1"]
[SourceVersionDate "2015.10.08"]
[SourceQuality "1"]
[WhiteTeam "Kosice Slavia"]
[BlackTeam "Dunajov"]
[WhiteTeamCountry "SVK"]
[BlackTeamCountry "SVK"]

1. Nf3 Nf6 2. d4 d5 3. c4 e6 4. Nc3 Be7 5. e3 0-0 6. Bd3 b6 7. cxd5 exd5 8. 0-0 Nbd7 9. b3 Bb7 10. Bb2 Re8 1/2-1/2

[Event "SVK-chT 1314"]
[Site "Slovakia"]
[Date "2014.03.09"]
[Round "8.3"]
[White "Straka, Jozef1111"]
[Black "Salai, Ladislav"]
[Result "1/2-1/2"]
[WhiteElo "1994"]
[BlackElo "2352"]
[PlyCount "26"]
[EventDate "2013.11.09"]
[EventType "team-tourn"]
[EventRounds "11"]
[EventCountry "SVK"]
[SourceTitle "EXT 2015"]
[Source "ChessBase"]
[SourceDate "2014.11.20"]
[SourceVersion "1"]
[SourceVersionDate "2014.11.20"]
[SourceQuality "1"]
[WhiteTeam "Cadca"]
[BlackTeam "Kosice Slavia UPJS"]
[WhiteTeamCountry "SVK"]
[BlackTeamCountry "SVK"]

1. d4 d5 2. c4 dxc4 3. Nf3 Nf6 4. e3 e6 5. Bxc4 c5 6. 0-0 a6 7. Nc3 b5 8. Be2 Bb7 9. Ne5 Bd6 10. Bf3 Qc7 11. Bxb7 Qxb7 12. f4 0-0 13. dxc5 Bxc5 1/2-1/2

[Event "SVK-chT 1314"]
[Site "Slovakia"]
[Date "2013.11.09"]
[Round "1.4"]
[White "Salai, Ladislav"]
[Black "Vojtek, Vladimir"]
[Result "1/2-1/2"]
[WhiteElo "2352"]
[BlackElo "2290"]
[PlyCount "21"]
[EventDate "2013.11.09"]
[EventType "team-tourn"]
[EventRounds "11"]
[EventCountry "SVK"]
[SourceTitle "CBM 157 Extra"]
[Source "ChessBase"]
[SourceDate "2013.12.19"]
[SourceVersion "1"]
[SourceVersionDate "2013.12.19"]
[SourceQuality "1"]
[WhiteTeam "Kosice Slavia UPJS"]
[BlackTeam "Dubnica nad Vahom"]
[WhiteTeamCountry "SVK"]
[BlackTeamCountry "SVK"]

1. e4 e6 2. d4 d5 3. Nd2 c5 4. exd5 exd5 5. Ngf3 Nf6 6. Be2 Nbd7 7. 0-0 Bd6 8. c4 cxd4 9. cxd5 0-0 10. Nc4 Nb6 11. Nxd6 1/2-1/2

[Event "SVK-chT 1112"]
[Site "Slovakia"]
[Date "2012.03.09"]
[Round "9.6"]
[White "Salai, Ladislav"]
[Black "Bednar, Milan"]
[Result "1-0"]
[WhiteElo "2355"]
[BlackElo "2272"]
[PlyCount "79"]
[EventDate "2011.10.22"]
[EventType "team-tourn"]
[EventRounds "11"]
[EventCountry "SVK"]
[SourceTitle "EXT 2013"]
[Source "ChessBase"]
[SourceDate "2012.11.22"]
[SourceVersion "1"]
[SourceVersionDate "2012.11.22"]
[SourceQuality "1"]
[WhiteTeam "Kosice"]
[BlackTeam "Kezmarok"]
[WhiteTeamCountry "SVK"]
[BlackTeamCountry "SVK"]

1. e4 c5 2. Nc3 e6 3. Nf3 a6 4. d4 cxd4 5. Nxd4 Qc7 6. Be2 Nc6 7. 0-0 Nxd4 8. Qxd4 Bd6 9. Kh1 Be5 10. Qd3 Ne7 11. f4 Bxc3 12. bxc3 d5 13. exd5 Nxd5 14. Bf3 0-0 15. Bxd5 exd5 16. f5 Qc4 17. f6 Qxd3 18. cxd3 gxf6 19. Bh6 Re8 20. Rf3 Re6 21. Rg3+ Kh8 22. Bg7+ Kg8 23. Bh6+ Kh8 24. Bg7+ Kg8 25. Bxf6+ Kf8 26. Rf1 b5 27. Rg5 Ra7 28. Bg7+ Ke7 29. Bd4 Rd7 30. h4 h6 31. Rgf5 Kd8 32. Rxf7 Kc7 33. Rf8 Rd8 34. R8f7+ Kd6 35. h5 Rg8 36. Bg7 Bd7 37. g4 Re7 38. Bf8 Rxf8 39. Rxf8 Bxg4 40. R1f6+ 1-0

[Event "SVK-chT 1011"]
[Site "Slovakia"]
[Date "2011.05.07"]
[Round "10.6"]
[White "Salai, Ladislav"]
[Black "Petran, Peter"]
[Result "1/2-1/2"]
[WhiteElo "2364"]
[BlackElo "2330"]
[PlyCount "43"]
[EventDate "2010.11.27"]
[EventType "team-tourn"]
[EventRounds "11"]
[EventCountry "SVK"]
[SourceTitle "EXT 2012"]
[Source "ChessBase"]
[SourceDate "2011.11.24"]
[SourceVersion "1"]
[SourceVersionDate "2011.11.24"]
[SourceQuality "1"]
[WhiteTeam "Kosice Slavia"]
[BlackTeam "Bratislava Slovan"]
[WhiteTeamCountry "SVK"]
[BlackTeamCountry "SVK"]

1. d4 g6 2. Nf3 Bg7 3. g3 d6 4. Bg2 f5 5. 0-0 c6 6. c4 Nh6 7. Nc3 0-0 8. d5 e5 9. dxe6 Bxe6 10. b3 Nf7 11. Nd4 Bd7 12. Bb2 Na6 13. Qd2 Nc5 14. Rad1 a5 15. e4 Ne5 16. exf5 Ned3 17. Nce2 Nxb2 18. Qxb2 Bxf5 19. Qd2 Bd3 20. Ne6 Nxe6 21. Qxd3 Qf6 22. Qc2 1/2-1/2

[Event "SVK-chT 1011"]
[Site "Slovakia"]
[Date "2011.02.20"]
[Round "6.6"]
[White "Malinovsky, Karel"]
[Black "Salai, Ladislav"]
[Result "1/2-1/2"]
[WhiteElo "2339"]
[BlackElo "2364"]
[PlyCount "72"]
[EventDate "2010.11.27"]
[EventType "team-tourn"]
[EventRounds "11"]
[EventCountry "SVK"]
[SourceTitle "EXT 2012"]
[Source "ChessBase"]
[SourceDate "2011.11.24"]
[SourceVersion "1"]
[SourceVersionDate "2011.11.24"]
[SourceQuality "1"]
[WhiteTeam "Trencin"]
[BlackTeam "Kosice Slavia"]
[WhiteTeamCountry "SVK"]
[BlackTeamCountry "SVK"]

1. e4 c5 2. c3 d6 3. d4 Nf6 4. Bd3 cxd4 5. cxd4 g6 6. Nf3 Bg7 7. 0-0 0-0 8. Nc3 Bg4 9. h3 Bxf3 10. Qxf3 Nc6 11. d5 Ne5 12. Qe2 Nxd3 13. Qxd3 Rc8 14. Be3 Qa5 15. Bd4 Nd7 16. Bxg7 Kxg7 17. Rfc1 Qb4 18. Rc2 Rc7 19. Rac1 Rfc8 20. Kh2 a6 21. Nd1 Rxc2 22. Rxc2 Rxc2 23. Qxc2 Nc5 24. Nc3 Qd4 25. Kg1 b5 26. a3 Qc4 27. f3 Qd3 28. Qf2 a5 29. Kh2 b4 30. axb4 axb4 31. Ne2 Nb3 32. Nf4 Qd1 33. Qh4 Nd2 34. Qxe7 Nf1+ 35. Kg1 Ng3+ 36. Kh2 Nf1+ 1/2-1/2

[Event "SVK-chT 1011"]
[Site "Slovakia"]
[Date "2011.02.19"]
[Round "5.6"]
[White "Salai, Ladislav"]
[Black "Kovacik, Emil"]
[Result "1/2-1/2"]
[WhiteElo "2364"]
[BlackElo "2232"]
[PlyCount "86"]
[EventDate "2010.11.27"]
[EventType "team-tourn"]
[EventRounds "11"]
[EventCountry "SVK"]
[SourceTitle "EXT 2012"]
[Source "ChessBase"]
[SourceDate "2011.11.24"]
[SourceVersion "1"]
[SourceVersionDate "2011.11.24"]
[SourceQuality "1"]
[WhiteTeam "Kosice Slavia"]
[BlackTeam "Dubnica nad Vahom"]
[WhiteTeamCountry "SVK"]
[BlackTeamCountry "SVK"]

1. Nf3 e6 2. g3 f5 3. Bg2 Nf6 4. 0-0 d5 5. b3 Bd6 6. c4 0-0 7. Qc2 c6 8. d4 Qe7 9. Bf4 Bxf4 10. gxf4 Ne4 11. Nbd2 Nd7 12. e3 Nxd2 13. Qxd2 Kh8 14. Rfc1 Rg8 15. b4 Nf6 16. b5 Ne4 17. Qe2 Bd7 18. Ne5 Rgc8 19. bxc6 Bxc6 20. c5 Nf6 21. Rab1 Qc7 22. Rb2 Be8 23. Rcb1 Rab8 24. Qd3 Nd7 25. Qa3 Nxe5 26. fxe5 a6 27. Qb4 Bc6 28. Bf1 Ra8 29. f4 Qe7 30. Rg2 Rg8 31. Rg5 h6 32. Rg2 g5 33. fxg5 Rxg5 34. Rbb2 Rag8 35. Qe1 Rxg2+ 36. Rxg2 Rxg2+ 37. Bxg2 Qg5 38. Qg3 Kg7 39. Kf2 Kg6 40. Bf3 Qxg3+ 41. Kxg3 Kg5 42. Be2 Be8 43. Bd3 Bc6 1/2-1/2

[Event "SVK-chT 0910"]
[Site "Slovakia"]
[Date "2010.03.13"]
[Round "10"]
[White "Salai, Ladislav"]
[Black "Vavrak, Peter"]
[Result "1/2-1/2"]
[WhiteElo "2356"]
[BlackElo "2475"]
[PlyCount "109"]
[EventDate "2009.10.24"]
[EventType "team-tourn"]
[EventRounds "11"]
[EventCountry "SVK"]
[SourceTitle "EXT 2019"]
[Source "ChessBase"]
[SourceDate "2018.10.10"]
[SourceVersion "1"]
[SourceVersionDate "2018.10.10"]
[SourceQuality "1"]
[WhiteTeam "Kosice Slavia"]
[BlackTeam "Bratislava Slovan"]
[WhiteTeamCountry "SVK"]
[BlackTeamCountry "SVK"]

1. d4 Nf6 2. Nf3 e6 3. e3 b6 4. Bd3 Bb7 5. 0-0 d5 6. Nbd2 Be7 7. Qe2 0-0 8. e4 c5 9. c3 Nc6 10. e5 Ne8 11. Re1 a5 12. Nf1 a4 13. Ng3 g6 14. Bh6 Ng7 15. a3 Qc8 16. Qe3 Qd8 17. h4 Ba6 18. Bxa6 Rxa6 19. Bg5 Ra5 20. Rad1 Rb5 21. dxc5 Rxb2 22. Rb1 Rxb1 23. Rxb1 bxc5 24. Rb7 Bxg5 25. hxg5 Na5 26. Rb5 Nb3 27. Qf4 Qa8 28. Nh2 Qc6 29. Qxa4 c4 30. Ng4 Nf5 31. Nf6+ Kg7 32. Nxf5+ gxf5 33. Qb4 Rc8 34. Qe7 Qxb5 35. Nh5+ Kg8 36. Nf6+ Kg7 37. Nh5+ Kg8 38. Qf6 Kf8 39. Qh8+ Ke7 40. Qxc8 Qd7 41. Qb8 Qd8 42. Qb4+ Kd7 43. Nf6+ Kc6 44. Qa4+ Kb7 45. Ne8 Nc5 46. Qb5+ Qb6 47. Nd6+ Kc7 48. Qe8 Qb3 49. Qxf7+ Kb6 50. Qxh7 Qxc3 51. Qh8 Qc1+ 52. Kh2 Qf4+ 53. Kg1 Qc1+ 54. Kh2 Qf4+ 55. Kg1 1/2-1/2

[Event "SVK-chT 0910"]
[Site "Slovakia"]
[Date "2010.01.23"]
[Round "5"]
[White "Salai, Ladislav"]
[Black "Michalik, Peter"]
[Result "1-0"]
[WhiteElo "2356"]
[BlackElo "2439"]
[PlyCount "87"]
[EventDate "2009.10.24"]
[EventType "team-tourn"]
[EventRounds "11"]
[EventCountry "SVK"]
[SourceTitle "EXT 2019"]
[Source "ChessBase"]
[SourceDate "2018.10.10"]
[SourceVersion "1"]
[SourceVersionDate "2018.10.10"]
[SourceQuality "1"]
[WhiteTeam "Kosice Slavia"]
[BlackTeam "Prievidza"]
[WhiteTeamCountry "SVK"]
[BlackTeamCountry "SVK"]

1. e4 e6 2. d4 d5 3. Nd2 a6 4. Ngf3 c5 5. exd5 exd5 6. Be2 Nc6 7. 0-0 cxd4 8. Nb3 Nf6 9. Nbxd4 Be7 10. Bg5 0-0 11. c3 h6 12. Bh4 g5 13. Bg3 Ne4 14. Nxc6 bxc6 15. Be5 c5 16. Nd2 f6 17. Nxe4 fxe5 18. Ng3 c4 19. Bg4 Bc5 20. Kh1 Bb7 21. Qe2 Qf6 22. Ne4 dxe4 23. Qxc4+ Kg7 24. Qxc5 Kg6 25. Rad1 Rad8 26. Qe3 h5 27. Be2 h4 28. h3 Rde8 29. Kg1 Qe6 30. Rd2 Rf6 31. b3 Qc6 32. Rfd1 Ref8 33. Bg4 a5 34. c4 a4 35. Rd5 Qb6 36. Qxb6 Rxb6 37. Rd6+ Rf6 38. c5 Rbxd6 39. cxd6 Rf8 40. bxa4 Kf6 41. d7 Ke7 42. Rc1 Rd8 43. Rc8 Ba6 44. Rc6 1-0

[Event "SVK-chT 0809"]
[Site "Slovakia"]
[Date "2009.03.14"]
[Round "10"]
[White "Salai, Ladislav"]
[Black "Michenka, Jozef"]
[Result "1/2-1/2"]
[WhiteElo "2364"]
[BlackElo "2400"]
[PlyCount "30"]
[EventDate "2008.10.25"]
[EventType "team-tourn"]
[EventRounds "11"]
[EventCountry "SVK"]
[SourceTitle "EXT 2019"]
[Source "ChessBase"]
[SourceDate "2018.10.10"]
[SourceVersion "1"]
[SourceVersionDate "2018.10.10"]
[SourceQuality "1"]
[WhiteTeam "Dubnica nad Vahom"]
[BlackTeam "Kezmarok"]
[WhiteTeamCountry "SVK"]
[BlackTeamCountry "SVK"]

1. e4 c5 2. Nf3 d6 3. d4 cxd4 4. Nxd4 Nf6 5. Nc3 a6 6. Be2 e5 7. Nb3 Be7 8. 0-0 0-0 9. Kh1 Be6 10. f4 Qc7 11. Be3 Nbd7 12. a4 Rac8 13. f5 Bc4 14. a5 Bxe2 15. Qxe2 d5 1/2-1/2

[Event "SVK-chT 0708"]
[Site "Slovakia"]
[Date "2008.03.29"]
[Round "10"]
[White "Jurcik, Marian"]
[Black "Salai, Ladislav"]
[Result "1-0"]
[WhiteElo "2372"]
[BlackElo "2364"]
[PlyCount "77"]
[EventDate "2007.10.20"]
[EventType "team-tourn"]
[EventRounds "11"]
[EventCountry "SVK"]
[SourceTitle "EXT 2019"]
[Source "ChessBase"]
[SourceDate "2018.10.10"]
[SourceVersion "1"]
[SourceVersionDate "2018.10.10"]
[SourceQuality "1"]
[WhiteTeam "Cadca"]
[BlackTeam "Dubnica nad Vahom"]
[WhiteTeamCountry "SVK"]
[BlackTeamCountry "SVK"]

1. e4 c5 2. Nf3 Nc6 3. d4 cxd4 4. Nxd4 Nf6 5. Nc3 e5 6. Ndb5 d6 7. Bg5 a6 8. Na3 Be6 9. Nc4 Rc8 10. Bxf6 gxf6 11. Ne3 Bh6 12. Ncd5 Bxe3 13. Nxe3 Qb6 14. Bd3 Qxb2 15. 0-0 Qb6 16. Qh5 Nd4 17. Rab1 Qa7 18. a4 Rg8 19. Kh1 Rg5 20. Qh4 Rc7 21. f4 exf4 22. Rxf4 Qc5 23. Nd5 Bxd5 24. exd5 Qxd5 25. Be4 Qa2 26. Rbf1 Ne6 27. Rxf6 Qc4 28. Qxh7 Nf8 29. Qh6 Rg4 30. Bd3 Qd5 31. Qh3 Rxa4 32. Qe3+ Re7 33. Qa7 Ne6 34. Qb8+ Kd7 35. Rxf7 Rg4 36. R1f2 Rxg2 37. Rxe7+ Kxe7 38. Rxg2 Nf4 39. Qg8 1-0

[Event "SVK-chT 0708"]
[Site "Slovakia"]
[Date "2007.10.21"]
[Round "2"]
[White "Mokos, Jozef"]
[Black "Salai, Ladislav"]
[Result "0-1"]
[WhiteElo "2289"]
[BlackElo "2364"]
[PlyCount "46"]
[EventDate "2007.10.20"]
[EventType "team-tourn"]
[EventRounds "11"]
[EventCountry "SVK"]
[SourceTitle "EXT 2019"]
[Source "ChessBase"]
[SourceDate "2018.10.10"]
[SourceVersion "1"]
[SourceVersionDate "2018.10.10"]
[SourceQuality "1"]
[WhiteTeam "Nitra"]
[BlackTeam "Dubnica nad Vahom"]
[WhiteTeamCountry "SVK"]
[BlackTeamCountry "SVK"]

1. d4 f5 2. g3 Nf6 3. Bg2 e6 4. c4 Be7 5. Nf3 0-0 6. 0-0 d6 7. b3 Qe8 8. Qc2 a5 9. Nbd2 Nc6 10. Bb2 Qh5 11. e4 e5 12. exf5 Bxf5 13. Qc3 Ne4 14. Qe3 Nxd2 15. Nxd2 Bg5 16. Qf3 Qg6 17. Ne4 Rae8 18. d5 Nb4 19. Qe2 b6 20. Bc3 Na6 21. Rfe1 Nc5 22. Rab1 Bg4 23. f3 Nxe4 0-1

[Event "SVK-chT 0708"]
[Site "Slovakia"]
[Date "2007.10.20"]
[Round "1"]
[White "Salai, Ladislav"]
[Black "Balogh, Peter"]
[Result "1/2-1/2"]
[WhiteElo "2364"]
[BlackElo "2278"]
[PlyCount "65"]
[EventDate "2007.10.20"]
[EventType "team-tourn"]
[EventRounds "11"]
[EventCountry "SVK"]
[SourceTitle "EXT 2019"]
[Source "ChessBase"]
[SourceDate "2018.10.10"]
[SourceVersion "1"]
[SourceVersionDate "2018.10.10"]
[SourceQuality "1"]
[WhiteTeam "Dubnica nad Vahom"]
[BlackTeam "Nove Zamky Basta"]
[WhiteTeamCountry "SVK"]
[BlackTeamCountry "SVK"]

1. Nf3 Nf6 2. g3 g6 3. Bg2 Bg7 4. 0-0 0-0 5. d4 d6 6. c4 Nc6 7. Nc3 e5 8. d5 Ne7 9. c5 Nd7 10. cxd6 cxd6 11. e4 f5 12. Ng5 Nc5 13. Be3 Nxe4 14. Ncxe4 fxe4 15. Qb3 Nf5 16. Ne6 Bxe6 17. dxe6 Qe7 18. Bxe4 Kh8 19. Rac1 Nxe3 20. fxe3 Bh6 21. Rf7 Rxf7 22. exf7 Rf8 23. Rf1 Kg7 24. Bd5 Qc7 25. Kg2 b6 26. h4 Qc5 27. Rf3 Rc8 28. Be6 Qc2+ 29. Qxc2 Rxc2+ 30. Rf2 Rxf2+ 31. Kxf2 Kf6 32. Bd5 e4 33. Bxe4 1/2-1/2

[Event "Olomouc Ave Kontakt Cup IMC"]
[Site "Olomouc"]
[Date "2007.08.09"]
[Round "11"]
[White "Kaufman, Raymond"]
[Black "Salai, Ladislav"]
[Result "1/2-1/2"]
[WhiteElo "2310"]
[BlackElo "2378"]
[PlyCount "108"]
[EventDate "2007.08.01"]
[EventType "tourn"]
[EventRounds "11"]
[EventCountry "CZE"]
[EventCategory "2"]
[SourceTitle "CBM 119 Extra"]
[Source "ChessBase"]
[SourceDate "2007.09.04"]
[SourceVersion "1"]
[SourceVersionDate "2007.09.04"]
[SourceQuality "1"]

1. d4 d5 2. c4 dxc4 3. e4 c5 4. d5 e6 5. Nc3 Nf6 6. Bxc4 exd5 7. Nxd5 Nxd5 8. Bxd5 Bd6 9. Nf3 0-0 10. 0-0 Nc6 11. Bxc6 bxc6 12. e5 Bc7 13. Qc2 Bg4 14. Ng5 g6 15. Qxc5 Qd3 16. e6 Bxe6 17. Nxe6 fxe6 18. Bh6 Rf7 19. Qxc6 Qd5 20. Qxd5 exd5 21. Rad1 Be5 22. Rxd5 Bxb2 23. Rfd1 Re8 24. g3 Bf6 25. Kg2 Rb7 26. Rd7 Rxd7 27. Rxd7 a5 28. Rd6 Kf7 29. Rd7+ Kg8 30. Kf3 Rc8 31. Ra7 Bc3 32. Be3 Rc4 33. Bb6 Ra4 34. Rc7 Bf6 35. Rc2 Kf7 36. Bc5 h5 37. h4 Ke6 38. Ke3 Bg7 39. Kd3 Kd5 40. Bb6 Ra3+ 41. Ke2 Bc3 42. Be3 Be5 43. Bc5 Ra4 44. Bb6 Bd6 45. Rd2+ Ke6 46. Bd4 Bb4 47. Rc2 Kd5 48. Be3 Ra3 49. f3 Bd6 50. g4 Ra4 51. Rd2+ Ke6 52. gxh5 gxh5 53. Bf2 Be7 54. Kf1 Bxh4 1/2-1/2

[Event "Olomouc Ave Kontakt Cup IMC"]
[Site "Olomouc"]
[Date "2007.08.02"]
[Round "2"]
[White "Salai, Ladislav"]
[Black "Schneider Zinner, Harald"]
[Result "1/2-1/2"]
[WhiteElo "2378"]
[BlackElo "2296"]
[PlyCount "132"]
[EventDate "2007.08.01"]
[EventType "tourn"]
[EventRounds "11"]
[EventCountry "CZE"]
[EventCategory "2"]
[SourceTitle "CBM 119 Extra"]
[Source "ChessBase"]
[SourceDate "2007.09.04"]
[SourceVersion "1"]
[SourceVersionDate "2007.09.04"]
[SourceQuality "1"]

1. e4 e5 2. Nf3 d6 3. d4 exd4 4. Nxd4 Nf6 5. Nc3 Be7 6. Be2 0-0 7. 0-0 Re8 8. f4 Bf8 9. Bf3 c5 10. Nb3 Nc6 11. Re1 a5 12. a4 Nb4 13. Be3 d5 14. exd5 Bf5 15. Rc1 Rc8 16. Kh1 Qd7 17. Re2 b6 18. Bg1 Rxe2 19. Qxe2 Re8 20. Qd2 h5 21. Na1 h4 22. Re1 Rxe1 23. Qxe1 Nfxd5 24. Nxd5 Nxd5 25. Qd2 Nb4 26. Qxd7 Bxd7 27. c3 Nd3 28. b3 Be6 29. Be3 c4 30. b4 axb4 31. cxb4 Nxb4 32. Bxb6 Be7 33. a5 Bc8 34. Bd1 Nd5 35. Bf3 Nb4 36. Be4 f5 37. Bb1 Nd5 38. Ba2 Ba6 39. Bd4 Bd8 40. Nc2 Bxa5 41. Na3 Nxf4 42. Nxc4 Bxc4 43. Bxc4+ Kh7 44. Be3 Nh5 45. Bd3 Kg6 46. Kg1 Bc7 47. Bb5 Nf6 48. Bd4 Ne4 49. Be8+ Kh6 50. Bd7 g6 51. Be3+ Kg7 52. h3 Bd6 53. Kf1 Bc5 54. Bc1 Bd4 55. Ke2 Kf6 56. Bf4 Be5 57. Be3 Nd6 58. Bc5 Nf7 59. Be3 g5 60. Bb6 Bc3 61. Bc7 Be5 62. Bb6 Nd6 63. Bd8+ Kg6 64. Be7 Ne4 65. Bd8 Bf6 66. Bc7 Nc3+ 1/2-1/2

[Event "SVK-chT 0607"]
[Site "Slovakia"]
[Date "2007.04.01"]
[Round "11"]
[White "Salai, Ladislav"]
[Black "Zvarik, Martin"]
[Result "1-0"]
[WhiteElo "2372"]
[BlackElo "2180"]
[PlyCount "99"]
[EventDate "2006.10.21"]
[EventType "team-tourn"]
[EventRounds "11"]
[EventCountry "SVK"]
[SourceTitle "EXT 2019"]
[Source "ChessBase"]
[SourceDate "2018.10.10"]
[SourceVersion "1"]
[SourceVersionDate "2018.10.10"]
[SourceQuality "1"]
[WhiteTeam "Hlohovec"]
[BlackTeam "Zilina Mladost"]
[WhiteTeamCountry "SVK"]
[BlackTeamCountry "SVK"]

1. e4 e5 2. Nf3 Nc6 3. Bb5 a6 4. Bxc6 dxc6 5. 0-0 Bd6 6. d4 exd4 7. Qxd4 f6 8. Be3 c5 9. Qc3 Qe7 10. Nbd2 Nh6 11. Bxh6 gxh6 12. Nc4 Be6 13. Nh4 0-0-0 14. Nxd6+ cxd6 15. Rfe1 Rhe8 16. Rad1 Qg7 17. b4 Qg4 18. g3 Qh5 19. bxc5 Qxc5 20. Qxf6 Bxa2 21. Nf5 Re6 22. Qd4 Qxd4 23. Rxd4 Rf6 24. g4 Kc7 25. Re3 Rg8 26. Rc3+ Kd7 27. h3 h5 28. e5 Rxf5 29. Rxd6+ Ke8 30. Rc8+ Ke7 31. Rxg8 Rxe5 32. Rgd8 Be6 33. f4 Re1+ 34. Kf2 Rc1 35. f5 Rxc2+ 36. Kg3 Bc8 37. f6+ Kf7 38. Rh8 Rc3+ 39. Kh4 Be6 40. Rxh7+ Kg6 41. Rxb7 Kxf6 42. Rbb6 Re3 43. Rxa6 hxg4 44. hxg4 Kf7 45. Rxe6 Rxe6 46. Rxe6 Kxe6 47. Kg5 Kf7 48. Kh6 Kg8 49. g5 Kf7 50. Kh7 1-0

[Event "CZE-chT 0607"]
[Site "Czech Republic"]
[Date "2007.03.25"]
[Round "11.3"]
[White "Jedynak, Radoslaw"]
[Black "Salai, Ladislav"]
[Result "1/2-1/2"]
[WhiteElo "2519"]
[BlackElo "2370"]
[PlyCount "47"]
[EventDate "2006.12.01"]
[EventType "team"]
[EventRounds "11"]
[EventCountry "CZE"]
[SourceTitle "EXT 2008"]
[Source "ChessBase"]
[SourceDate "2007.11.25"]
[SourceVersion "1"]
[SourceVersionDate "2007.11.25"]
[SourceQuality "1"]
[WhiteTeam "Ostrava"]
[BlackTeam "Vysehrad"]
[WhiteTeamCountry "CZE"]
[BlackTeamCountry "CZE"]

1. d4 Nf6 2. c4 g6 3. Nc3 Bg7 4. Nf3 0-0 5. e4 d6 6. Be2 e5 7. 0-0 exd4 8. Nxd4 Re8 9. f3 Nc6 10. Nxc6 bxc6 11. Bg5 h6 12. Bh4 g5 13. Bf2 Nd7 14. Qa4 Bb7 15. c5 Nxc5 16. Bxc5 dxc5 17. Rad1 Qe7 18. Ba6 Bxa6 19. Qxa6 Qe6 20. Kh1 Reb8 21. Rd2 Rb4 22. Rfd1 Rab8 23. Na4 Qxa2 24. Nxc5 1/2-1/2

[Event "SVK-chT 0607"]
[Site "Slovakia"]
[Date "2007.02.17"]
[Round "8"]
[White "Salai, Ladislav"]
[Black "Zetocha, Claudiu"]
[Result "1/2-1/2"]
[WhiteElo "2372"]
[BlackElo "2414"]
[PlyCount "30"]
[EventDate "2006.10.21"]
[EventType "team-tourn"]
[EventRounds "11"]
[EventCountry "SVK"]
[SourceTitle "EXT 2019"]
[Source "ChessBase"]
[SourceDate "2018.10.10"]
[SourceVersion "1"]
[SourceVersionDate "2018.10.10"]
[SourceQuality "1"]
[WhiteTeam "Hlohovec"]
[BlackTeam "Komarno"]
[WhiteTeamCountry "SVK"]
[BlackTeamCountry "SVK"]

1. d4 Nf6 2. Nf3 e6 3. e3 b6 4. Be2 Bb7 5. c4 Bb4+ 6. Nbd2 0-0 7. 0-0 Be7 8. b3 c5 9. Bb2 d6 10. Qc2 Nc6 11. Rad1 Rc8 12. Qb1 Qc7 13. Ng5 h6 14. Nge4 cxd4 15. exd4 d5 1/2-1/2